<?xml version="1.0" encoding="UTF-8"?>
<record
    xmlns:xsi="http://www.w3.org/2001/XMLSchema-instance"
    xsi:schemaLocation="http://www.loc.gov/MARC21/slim http://www.loc.gov/standards/marcxml/schema/MARC21slim.xsd"
    xmlns="http://www.loc.gov/MARC21/slim">

  <leader>00753nam a2200229Ia 4500</leader>
  <controlfield tag="001">3868</controlfield>
  <controlfield tag="003">GE_BSU</controlfield>
  <controlfield tag="008">181216s||||||||xx |||||||||||||| ||und||</controlfield>
  <datafield tag="040" ind1=" " ind2=" ">
    <subfield code="c">GE_BSU</subfield>
  </datafield>
  <datafield tag="080" ind1=" " ind2=" ">
    <subfield code="a">625.78(075.8)</subfield>
  </datafield>
  <datafield tag="100" ind1=" " ind2=" ">
    <subfield code="a">&#x424;&#x435;&#x434;&#x43E;&#x440;&#x43E;&#x432;,&#x41D;.&#x424;. &#x412;&#x435;&#x441;&#x435;&#x43B;&#x43E;&#x432;,&#x421;.&#x424;.</subfield>
  </datafield>
  <datafield tag="245" ind1=" " ind2=" ">
    <subfield code="a">&#x413;&#x43E;&#x440;&#x43E;&#x434;&#x441;&#x43A;&#x438;&#x435;  &#x43F;&#x43E;&#x434;&#x437;&#x435;&#x43C;&#x43D;&#x44B;&#x435; &#x441;&#x435;&#x442;&#x438; &#x438; &#x43A;&#x43E;&#x43B;&#x43B;&#x435;&#x43A;&#x442;&#x43E;&#x440;&#x44B;.</subfield>
  </datafield>
  <datafield tag="245" ind1=" " ind2=" ">
    <subfield code="b">&#x423;&#x447;&#x435;&#x431;&#x43D;&#x438;&#x43A; &#x434;&#x43B;&#x44F; &#x432;&#x443;&#x437;&#x43E;&#x432;.</subfield>
  </datafield>
  <datafield tag="245" ind1=" " ind2=" ">
    <subfield code="c">&#x420;&#x435;&#x434;. &#x41D;.&#x41C;.&#x411;&#x43E;&#x440;&#x449;&#x435;&#x432;&#x441;&#x43A;&#x430;&#x44F;, &#x410;.&#x41C;.&#x428;&#x435;&#x440;&#x448;&#x443;&#x43A;&#x43E;&#x432;&#x430;.</subfield>
  </datafield>
  <datafield tag="260" ind1=" " ind2=" ">
    <subfield code="a">&#x41C;.</subfield>
  </datafield>
  <datafield tag="260" ind1=" " ind2=" ">
    <subfield code="b">&#x421;&#x442;&#x440;&#x43E;&#x438;&#x439;&#x437;&#x434;&#x430;&#x442;.</subfield>
  </datafield>
  <datafield tag="260" ind1=" " ind2=" ">
    <subfield code="c">1972.</subfield>
  </datafield>
  <datafield tag="300" ind1=" " ind2=" ">
    <subfield code="a">304 &#x441;&#x442;&#x440;. 22 &#x441;&#x43C;. 128 &#x441;&#x43F;&#x438;&#x441;&#x43E;&#x43A; &#x43B;&#x438;&#x442;.</subfield>
  </datafield>
  <datafield tag="300" ind1=" " ind2=" ">
    <subfield code="e">58 &#x442;&#x430;&#x431;&#x43B;.</subfield>
  </datafield>
  <datafield tag="653" ind1=" " ind2=" ">
    <subfield code="a">&#x413;&#x43E;&#x440;&#x43E;&#x434;&#x441;&#x43A;&#x438;&#x435;  &#x43F;&#x43E;&#x434;&#x437;&#x435;&#x43C;&#x43D;&#x44B;&#x435; &#x441;&#x435;&#x442;&#x438; &#x438; &#x43A;&#x43E;&#x43B;&#x43B;&#x435;&#x43A;&#x442;&#x43E;&#x440;&#x44B;.</subfield>
  </datafield>
  <datafield tag="942" ind1=" " ind2=" ">
    <subfield code="c">BK</subfield>
  </datafield>
  <datafield tag="999" ind1=" " ind2=" ">
    <subfield code="c">37890</subfield>
    <subfield code="d">37890</subfield>
  </datafield>
  <datafield tag="952" ind1=" " ind2=" ">
    <subfield code="0">0</subfield>
    <subfield code="1">0</subfield>
    <subfield code="4">0</subfield>
    <subfield code="7">0</subfield>
    <subfield code="9">38484</subfield>
    <subfield code="d">2018-12-17</subfield>
    <subfield code="p">9340</subfield>
    <subfield code="r">2018-12-17</subfield>
    <subfield code="w">2018-12-17</subfield>
    <subfield code="y">BK</subfield>
  </datafield>
</record>
